[Event "40th Hoogovens it"]
[Site "Wijk aan Zee NED"]
[Date "1978.01.20"]
[Round "1"]
[White "Kortschnoj, Viktor"]
[Black "Sosonko, Gennadi"]
[Result "1/2-1/2"]
[WhiteElo "2665"]
[BlackElo "2575"]
[EventDate "1978.01.20"]
[PlyCount "104"]

1. c4 Nf6 2. Nf3 e6 3. g3 d5 4. Bg2 dxc4 5. Ne5 Nbd7 6. Nxc4 e5 7. Nc3 Bc5 8. O-O O-O 9. b3 Re8 10. Bb2 c6 11. Qc2 Nb6 12. e3 Nxc4 13. bxc4 Be6 14. Ne4 Bf5 15. Rad1 Nxe4 16. Bxe4 Bxe4 17. Qxe4 Qa5 18. f4 Rad8 19. Bc3 Bb4 20. Bxb4 Qxb4 21. fxe5 f6 22. Qg4 fxe5 23. Rf2 e4 24. Rdf1 Qxc4 25. d4 Qd5 26. h4 h5 27. Qg6 Rf8 28. Rf5 Qd7 29. Rxh5 Rxf1+ 30. Kxf1 Qf7+ 31. Qxf7+ Kxf7 32. Rf5+ Kg6 33. Re5 Rd5 34. Rxe4 Ra5 35. Re7 b5 36. Re6+ Kf5 37. Rxc6 Rxa2 38. Rc5+ Ke4 39. Rxb5 Kf3 40. Rf5+ Kxe3 41. d5 Rd2 42. Ke1 Rd4 43. Rg5 a5 44. Rxg7 a4 45. Ra7 Kf3 46. Ra5 Kxg3 47. Ke2 Kf4 48. h5 Ke5 49. Kf3 a3 50. Rxa3 Kxd5 51. Ra6 Ke5 52. h6 Kf5 1/2-1/2

[Event "40th Hoogovens it"]
[Site "Wijk aan Zee NED"]
[Date "1978.01.20"]
[Round "1"]
[White "Portisch, Lajos"]
[Black "Panno, Oscar"]
[Result "1-0"]
[WhiteElo "2630"]
[BlackElo "2580"]
[EventDate "1978.01.20"]
[PlyCount "67"]

1. d4 Nf6 2. c4 e6 3. Nc3 Bb4 4. e3 c5 5. Bd3 O-O 6. Nf3 d5 7. O-O b6 8. cxd5 exd5 9. Ne5 Bxc3 10. bxc3 Ba6 11. f3 Re8 12. Re1 Nfd7 13. Bxa6 Nxa6 14. Nd3 Nf6 15. Nf2 Nc7 16. e4 Ne6 17. e5 Nd7 18. Qd3 Qh4 19. Be3 Rac8 20. g3 Qh5 21. f4 f5 22. dxc5 Ndxc5 23. Qxd5 Red8 24. Qc4 Kf7 25. Bxc5 Rxc5 26. Qa4 Rc7 27. Rad1 Rxd1 28. Rxd1 Ke7 29. Rd6 Qf3 30. Qb3 Nd8 31. Qg8 Nf7 32. Rd3 Qe2 33. Qxg7 Qxa2 34. Qf6+ 1-0

[Event "40th Hoogovens it"]
[Site "Wijk aan Zee NED"]
[Date "1978.01.20"]
[Round "1"]
[White "Van der Sterren, Paul"]
[Black "Mecking, Henrique"]
[Result "0-1"]
[WhiteElo "2400"]
[BlackElo "2630"]
[EventDate "1978.01.20"]
[PlyCount "74"]

1. e4 c5 2. Nf3 d6 3. d4 cxd4 4. Nxd4 Nf6 5. Nc3 a6 6. Be2 e5 7. Nb3 Be7 8. O-O Be6 9. f4 Qc7 10. a4 O-O 11. f5 Bc4 12. Bg5 Nbd7 13. a5 Rfd8 14. Rf2 d5 15. exd5 Bxb3 16. cxb3 Bc5 17. Qe1 h6 18. Bh4 Re8 19. Kh1 Bxf2 20. Bxf2 e4 21. Be3 Qe5 22. Qf2 Nxd5 23. Nxd5 Qxd5 24. Rd1 Qc6 25. Rc1 Qf6 26. Rc7 Ne5 27. Rxb7 Nd3 28. Qf1 Rab8 29. Rxb8 Rxb8 30. Bxd3 exd3 31. Qxd3 Rd8 32. Qc2 Rd5 33. h3 Rxf5 34. b4 Rf1+ 35. Bg1 g6 36. Qe2 Rb1 37. b5 Qd4 0-1

[Event "40th Hoogovens it"]
[Site "Wijk aan Zee NED"]
[Date "1978.01.21"]
[Round "2"]
[White "Andersson, Ulf"]
[Black "Kavalek, Lubomir"]
[Result "1-0"]
[WhiteElo "2545"]
[BlackElo "2570"]
[EventDate "1978.01.20"]
[PlyCount "68"]

1. Nf3 Nf6 2. g3 b6 3. Bg2 Bb7 4. O-O c5 5. c4 e6 6. b3 Be7 7. Nc3 d5 8. cxd5 Nxd5 9. Nxd5 Qxd5 10. Bb2 O-O 11. Rc1 Na6 12. Rc4 Rad8 13. Qb1 f6 14. d4 b5 15. Rcc1 Qh5 16. Rfd1 Qe8 17. Ng5 fxg5 18. Bxb7 Nb4 19. a3 Nd5 20. dxc5 Qf7 21. Bd4 Bf6 22. Bxf6 Qxf6 23. Rf1 Qe5 24. Qc2 Rf7 25. Bxd5 exd5 26. Qd3 d4 27. Qxb5 h5 28. a4 Rb8 29. Qc4 h4 30. Rcd1 Rd8 31. e3 h3 32. Rxd4 Rdf8 33. Qd5 Qf6 34. c6 Qg6 {Time} 1-0

[Event "40th Hoogovens it"]
[Site "Wijk aan Zee NED"]
[Date "1978.01.21"]
[Round "2"]
[White "Panno, Oscar"]
[Black "Van der Sterren, Paul"]
[Result "1-0"]
[WhiteElo "2580"]
[BlackElo "2400"]
[EventDate "1978.01.20"]
[PlyCount "63"]

1. d4 Nf6 2. c4 e6 3. Nc3 Bb4 4. e3 b6 5. Nge2 Ba6 6. Ng3 O-O 7. Qb3 c5 8. dxc5 bxc5 9. Be2 Nc6 10. O-O Na5 11. Qc2 Bxc4 12. Bxc4 Nxc4 13. Nce2 d5 14. a3 Ba5 15. b3 Nd6 16. Qxc5 Nfe4 17. Qd4 Qg5 18. Qd3 Rfc8 19. Bb2 Nc5 20. Qd1 Bd8 21. Rc1 Bf6 22. Bd4 Bxd4 23. Nxd4 Qg6 24. b4 Nd7 25. Nc6 Kf8 26. a4 Nb6 27. b5 a5 28. Qd4 Nd7 29. Nxa5 Ke8 30. Nc6 Qf6 31. Qb4 Nc4 32. Nh5 1-0

[Event "40th Hoogovens it"]
[Site "Wijk aan Zee NED"]
[Date "1978.01.22"]
[Round "3"]
[White "Najdorf, Miguel"]
[Black "Mecking, Henrique"]
[Result "1/2-1/2"]
[WhiteElo "2525"]
[BlackElo "2630"]
[EventDate "1978.01.20"]
[PlyCount "85"]

1. Nf3 Nf6 2. c4 g6 3. Nc3 d5 4. cxd5 Nxd5 5. e4 Nxc3 6. dxc3 Qxd1+ 7. Kxd1 f6 8. Bc4 e5 9. Be3 Nd7 10. Ke2 Bc5 11. Rhd1 Bxe3 12. Kxe3 Nb6 13. Nd2 Ke7 14. Bb3 Be6 15. Bxe6 Kxe6 16. b3 Rhd8 17. Nf3 Nd7 18. Ne1 Nc5 19. Nd3 Nxd3 20. Rxd3 Rxd3+ 21. Kxd3 Rd8+ 22. Ke2 f5 23. exf5+ gxf5 24. Rd1 Rxd1 25. Kxd1 e4 26. Ke2 f4 27. f3 Kf5 28. g4+ Ke5 29. h4 b5 30. b4 Kd5 31. Kf2 e3+ 32. Ke2 Kc4 33. h5 Kd5 34. Kd3 Ke5 35. Ke2 Kf6 36. Kf1 Kg5 37. Ke1 Kh4 38. Kf1 h6 39. Kg2 Kg5 40. Kf1 Kh4 41. Kg2 c6 42. Kf1 Kg3 43. Ke2 1/2-1/2

[Event "40th Hoogovens it"]
[Site "Wijk aan Zee NED"]
[Date "1978.01.22"]
[Round "3"]
[White "Van der Sterren, Paul"]
[Black "Ree, Hans"]
[Result "0-1"]
[WhiteElo "2400"]
[BlackElo "2500"]
[EventDate "1978.01.20"]
[PlyCount "113"]

1. e4 e5 2. Nf3 Nc6 3. Bb5 a6 4. Ba4 Nf6 5. O-O Be7 6. Re1 b5 7. Bb3 d6 8. c3 O-O 9. d4 Bg4 10. d5 Na5 11. Bc2 c5 12. b3 Qc7 13. Nbd2 Bd7 14. Nf1 Nb7 15. Bd2 g6 16. Ng3 Ne8 17. Bh6 Ng7 18. Nd2 Qd8 19. f4 exf4 20. Bxf4 Bf6 21. Qf3 Qe7 22. Rf1 Be5 23. Bxe5 dxe5 24. Qf6 Qd6 25. a4 Qxf6 26. Rxf6 Ne8 27. Rb6 Ned6 28. Nf3 f6 29. Ne1 Kf7 30. Nd3 Ke7 31. Bd1 Rfc8 32. Be2 h5 33. h4 Na5 34. axb5 axb5 35. b4 cxb4 36. cxb4 Ndc4 37. Nxe5 Nxb6 38. Nxd7 Nxd7 39. bxa5 b4 40. a6 b3 41. Kf2 Rc3 42. Nf1 Nc5 43. Nd2 Ra7 44. Bb5 Rc2 45. Ke3 Ra2 46. Nxb3 Rxa1 47. Nxa1 Nxa6 48. Bxa6 Rxa6 49. Nc2 Ra2 50. Ne1 Kd6 51. g3 Ra3+ 52. Kf4 Ra1 53. Nd3 Ra4 54. Ke3 g5 55. Kf3 Ra1 56. Kf2 Ra2+ 57. Kf3 0-1

[Event "40th Hoogovens it"]
[Site "Wijk aan Zee NED"]
[Date "1978.01.24"]
[Round "4"]
[White "Kavalek, Lubomir"]
[Black "Portisch, Lajos"]
[Result "1/2-1/2"]
[WhiteElo "2570"]
[BlackElo "2630"]
[EventDate "1978.01.20"]
[PlyCount "75"]

1. e4 e6 2. d4 d5 3. Nd2 c5 4. Ngf3 Nc6 5. exd5 exd5 6. Bb5 Bd6 7. dxc5 Bxc5 8. O-O Nge7 9. c4 O-O 10. Nb3 Bd6 11. cxd5 Nb4 12. Bg5 a6 13. Be2 h6 14. Bh4 Nbxd5 15. Nfd4 Qb6 16. Bf3 Ng6 17. Bg3 Bxg3 18. hxg3 Nf6 19. Qc2 Ne5 20. Be2 Rd8 21. Rad1 Rd5 22. Nf3 Nxf3+ 23. Bxf3 Rb5 24. Rd2 Bf5 25. Qd1 Be6 26. Nd4 Rxb2 27. Rxb2 Qxb2 28. Nxe6 fxe6 29. Qb1 Qa3 30. Qxb7 Rd8 31. Qb6 Rd6 32. Qb8+ Kf7 33. Qc7+ Rd7 34. Qc2 Qd3 35. Qa4 Rd4 36. Qa5 Qb5 37. Qc7+ Rd7 38. Qc2 1/2-1/2

[Event "40th Hoogovens it"]
[Site "Wijk aan Zee NED"]
[Date "1978.01.24"]
[Round "4"]
[White "Panno, Oscar"]
[Black "Najdorf, Miguel"]
[Result "1/2-1/2"]
[WhiteElo "2580"]
[BlackElo "2525"]
[EventDate "1978.01.20"]
[PlyCount "32"]

1. Nf3 Nf6 2. g3 d5 3. Bg2 g6 4. c4 c6 5. Qa4 dxc4 6. Qxc4 Bg7 7. O-O Nbd7 8. Nc3 O-O 9. d3 h6 10. Qh4 g5 11. Qb4 Nb6 12. Bd2 Nfd5 13. Qa5 Nxc3 14. Bxc3 Nd5 15. Qxd8 Rxd8 16. Bxg7 Kxg7 1/2-1/2

[Event "40th Hoogovens it"]
[Site "Wijk aan Zee NED"]
[Date "1978.01.26"]
[Round "6"]
[White "Panno, Oscar"]
[Black "Sosonko, Gennadi"]
[Result "1-0"]
[WhiteElo "2580"]
[BlackElo "2575"]
[EventDate "1978.01.20"]
[PlyCount "115"]

1. c4 Nf6 2. Nc3 e6 3. Nf3 Bb4 4. Qc2 O-O 5. a3 Bxc3 6. Qxc3 b6 7. g3 Bb7 8. Bg2 d5 9. cxd5 Nxd5 10. Qc2 c5 11. O-O Nc6 12. b3 e5 13. e3 Re8 14. d3 Rc8 15. Bb2 f6 16. Rfd1 Kh8 17. Nd2 Rc7 18. Nc4 Bc8 19. d4 cxd4 20. exd4 e4 21. Bxe4 b5 22. Bxd5 Qxd5 23. Re1 Be6 24. Ne3 Qxb3 25. d5 Qxc2 26. Nxc2 Nd8 27. Nd4 Bd7 28. Rxe8+ Bxe8 29. Re1 Bg6 30. d6 Rd7 31. Nxb5 Kg8 32. Bc3 Nb7 33. Rd1 Kf7 34. f4 Nd8 35. Ba5 a6 36. Nc7 Nb7 37. Bb6 Rxd6 38. Rxd6 Nxd6 39. Nxa6 Ke6 40. Bc5 Nc4 41. Bf8 Be8 42. Nc7+ Kf7 43. Bb4 Bc6 44. Kf2 g5 45. f5 h5 46. Ne6 Bd7 47. Nd4 Ne5 48. h3 Ba4 49. Ke3 Nc6 50. Nf3 Ne5 51. Nd2 Bd7 52. Ne4 Nc4+ 53. Kd4 Bxf5 54. a4 Bg6 55. a5 Ne5 56. Kd5 Nd7 57. Nd6+ Ke7 58. a6 1-0

[Event "40th Hoogovens it"]
[Site "Wijk aan Zee NED"]
[Date "1978.01.28"]
[Round "7"]
[White "Mecking, Henrique"]
[Black "Panno, Oscar"]
[Result "1/2-1/2"]
[WhiteElo "2630"]
[BlackElo "2580"]
[EventDate "1978.01.20"]
[PlyCount "85"]

1. e4 c5 2. Nf3 d6 3. d4 cxd4 4. Nxd4 Nf6 5. Nc3 Nc6 6. Bg5 e6 7. Qd2 a6 8. O-O-O Bd7 9. f4 b5 10. Bxf6 gxf6 11. f5 Nxd4 12. Qxd4 Bh6+ 13. Kb1 Bf4 14. fxe6 fxe6 15. Ne2 Be5 16. Qd2 O-O 17. g3 Qb6 18. Bh3 Rae8 19. Nf4 Qb7 20. Qe3 Re7 21. Rhf1 Kg7 22. Rf2 Qc6 23. Nd3 Be8 24. Rfd2 Bg6 25. Bg2 Rc8 26. g4 Qc4 27. Nxe5 dxe5 28. h4 Qc5 29. Qxc5 Rxc5 30. Rd7 Kf8 31. Rd8+ Re8 32. h5 Rxd8 33. Rxd8+ Be8 34. Ra8 Rc6 35. Kc1 Rd6 36. Bf1 h6 37. Bd3 Ke7 38. a3 Kf7 39. b4 Bd7 40. Rd8 Rd4 41. Ra8 f5 42. gxf5 exf5 43. Rxa6 1/2-1/2

[Event "40th Hoogovens it"]
[Site "Wijk aan Zee NED"]
[Date "1978.01.28"]
[Round "7"]
[White "Sosonko, Gennadi"]
[Black "Ree, Hans"]
[Result "1/2-1/2"]
[WhiteElo "2575"]
[BlackElo "2500"]
[EventDate "1978.01.20"]
[PlyCount "98"]

1. d4 Nf6 2. c4 e6 3. g3 Bb4+ 4. Bd2 Qe7 5. Nf3 O-O 6. Bg2 Bxd2+ 7. Qxd2 Ne4 8. Qc2 f5 9. Nbd2 Nxd2 10. Qxd2 d6 11. O-O Nd7 12. Rfe1 e5 13. e4 f4 14. Rad1 fxg3 15. hxg3 Nf6 16. Qc3 Bg4 17. c5 Kh8 18. cxd6 cxd6 19. Qa3 Rae8 20. Rd3 a6 21. Nd2 Bd7 22. Qb4 Bb5 23. Rc3 Ng4 24. Rf3 exd4 25. Qxd4 Qe5 26. Qxe5 dxe5 27. Rxf8+ Rxf8 28. f3 Nf6 29. Rc1 Rd8 30. Nb3 g5 31. Bh3 g4 32. Bxg4 Nxg4 33. fxg4 Bc6 34. Rc5 Rd1+ 35. Kf2 Bxe4 36. Rxe5 Bd5 37. Nc5 Bxa2 38. Re8+ Kg7 39. Re7+ Kg6 40. Rxb7 Bc4 41. Ke3 Rd6 42. Nd7 Kh6 43. Ne5 Bd5 44. Ra7 Rb6 45. Kd4 Ba2 46. Kc3 Bb1 47. Ra8 Kg5 48. b4 Re6 49. Kd4 Rb6 1/2-1/2

[Event "40th Hoogovens it"]
[Site "Wijk aan Zee NED"]
[Date "1978.01.29"]
[Round "8"]
[White "Portisch, Lajos"]
[Black "Najdorf, Miguel"]
[Result "1-0"]
[WhiteElo "2630"]
[BlackElo "2525"]
[EventDate "1978.01.20"]
[PlyCount "111"]

1. c4 Nf6 2. Nc3 e6 3. Nf3 Bb4 4. Qc2 O-O 5. a3 Bxc3 6. Qxc3 b6 7. b4 Bb7 8. Bb2 d6 9. e3 Nbd7 10. Be2 c5 11. O-O Rc8 12. d3 d5 13. b5 Re8 14. a4 e5 15. cxd5 Nxd5 16. Qb3 Qf6 17. Nd2 Nb4 18. e4 Qe6 19. Nc4 Rcd8 20. f4 exf4 21. Rxf4 Kh8 22. Bg4 Qe7 23. Bxd7 Qxd7 24. Ne5 Rxe5 25. Bxe5 Rf8 26. Raf1 Kg8 27. Bd6 Bd5 28. exd5 Qxd6 29. Rf5 g6 30. Rf6 Qe5 31. d6 Nd5 32. R6f3 Qxd6 33. Qc4 Qe5 34. Qe4 Qd6 35. h3 Nc3 36. Qe1 Qd4+ 37. Kh1 f5 38. Qe6+ Kg7 39. Re1 Rf7 40. Qe8 Nd5 41. Qd8 Nc3 42. Qb8 Nd5 43. Qd6 Nc3 44. Qb8 Nd5 45. Re8 Nf6 46. Re6 Qxa4 47. Rfe3 Qxb5 48. Re7 Qb1+ 49. Kh2 Qa2 50. R3e6 Qd5 51. Rd6 Qa2 52. Qd8 Rxe7 53. Qxe7+ Qf7 54. Qe5 g5 55. Qxf5 h6 56. Qe5 {Time} 1-0

[Event "40th Hoogovens it"]
[Site "Wijk aan Zee NED"]
[Date "1978.01.29"]
[Round "8"]
[White "Ree, Hans"]
[Black "Mecking, Henrique"]
[Result "1/2-1/2"]
[WhiteElo "2500"]
[BlackElo "2630"]
[EventDate "1978.01.20"]
[PlyCount "41"]

1. d4 Nf6 2. c4 g6 3. Nc3 d5 4. Nf3 Bg7 5. Qb3 dxc4 6. Qxc4 O-O 7. e4 a6 8. Be2 b5 9. Qb3 c5 10. dxc5 Nbd7 11. e5 Nxc5 12. Qb4 Nfd7 13. O-O Bb7 14. Rd1 a5 15. Qh4 e6 16. Bg5 Qb8 17. Be7 b4 18. Bd6 Qd8 19. Be7 Qb8 20. Bd6 Qd8 21. Be7 1/2-1/2

[Event "40th Hoogovens it"]
[Site "Wijk aan Zee NED"]
[Date "1978.01.29"]
[Round "8"]
[White "Timman, Jan"]
[Black "Panno, Oscar"]
[Result "1/2-1/2"]
[WhiteElo "2585"]
[BlackElo "2580"]
[EventDate "1978.01.20"]
[PlyCount "40"]

1. e4 c5 2. Nf3 e6 3. d4 cxd4 4. Nxd4 a6 5. Bd3 g6 6. Be3 Bg7 7. Qd2 Ne7 8. f4 Nbc6 9. Qf2 d6 10. O-O O-O 11. Nd2 Bd7 12. Rae1 Nb4 13. N2f3 Rc8 14. Qd2 Nxd3 15. cxd3 Qc7 16. Re2 a5 17. Ree1 b6 18. Rc1 Qb7 19. Ne2 Rxc1 20. Rxc1 Rc8 1/2-1/2

[Event "40th Hoogovens it"]
[Site "Wijk aan Zee NED"]
[Date "1978.01.30"]
[Round "9"]
[White "Kortschnoj, Viktor"]
[Black "Timman, Jan"]
[Result "1/2-1/2"]
[WhiteElo "2665"]
[BlackElo "2585"]
[EventDate "1978.01.20"]
[PlyCount "59"]

1. Nf3 Nf6 2. c4 g6 3. Nc3 d5 4. cxd5 Nxd5 5. e4 Nxc3 6. bxc3 Bg7 7. Be2 c5 8. O-O O-O 9. d4 b6 10. Be3 Bb7 11. Qd3 cxd4 12. cxd4 Nc6 13. Rac1 e6 14. Rfd1 Qd6 15. d5 exd5 16. Qxd5 Qc7 17. Qd7 Qxd7 18. Rxd7 Na5 19. e5 Bc6 20. Rc7 Rfc8 21. Rxc8+ Rxc8 22. Ba6 Rd8 23. Nd4 Bd5 24. f4 Bf8 25. Rc7 Bc5 26. Nc2 Bxe3+ 27. Nxe3 Bxa2 28. Rxa7 h5 29. Rc7 Be6 30. Kf2 1/2-1/2

[Event "40th Hoogovens it"]
[Site "Wijk aan Zee NED"]
[Date "1978.01.31"]
[Round "10"]
[White "Portisch, Lajos"]
[Black "Sosonko, Gennadi"]
[Result "1-0"]
[WhiteElo "2630"]
[BlackElo "2575"]
[EventDate "1978.01.20"]
[PlyCount "101"]

1. Nf3 d5 2. d4 Nf6 3. c4 c5 4. cxd5 cxd4 5. Qxd4 Qxd5 6. Nc3 Qxd4 7. Nxd4 a6 8. g3 Bd7 9. Bg2 e5 10. Nc2 Bc6 11. O-O Bxg2 12. Kxg2 Nbd7 13. Rd1 Rc8 14. Ne3 Bc5 15. Ned5 Bd4 16. Be3 Bxc3 17. Nxc3 Ke7 18. Rd2 Rc6 19. Rad1 Nb6 20. Bxb6 Rxb6 21. f4 exf4 22. gxf4 Rc8 23. Kf3 Ke6 24. Rd3 Ke7 25. R1d2 Ke8 26. e4 Ng8 27. Nd5 Rbc6 28. a4 Nf6 29. Ne3 g6 30. Rb3 b6 31. Rbd3 Ng8 32. Nd5 Ne7 33. Nc3 R6c7 34. Ke2 Rc4 35. Rh3 h5 36. Rhd3 Rb4 37. Kf3 f5 38. Rd7 Rxb2 39. Rxe7+ Kxe7 40. Nd5+ Kd6 41. e5+ Ke6 42. Rxb2 Kxd5 43. Rd2+ Ke6 44. Rd6+ Kf7 45. Rf6+ Kg7 46. Rxb6 Rc3+ 47. Kg2 Rc4 48. Rxa6 Rxf4 49. Ra7+ Kf8 50. a5 Ra4 51. a6 1-0

[Event "40th Hoogovens it"]
[Site "Wijk aan Zee NED"]
[Date "1978.02.02"]
[Round "11"]
[White "Najdorf, Miguel"]
[Black "Timman, Jan"]
[Result "1/2-1/2"]
[WhiteElo "2525"]
[BlackElo "2585"]
[EventDate "1978.01.20"]
[PlyCount "90"]

1. Nf3 g6 2. d4 Bg7 3. g3 c5 4. d5 Nf6 5. Bg2 O-O 6. O-O d6 7. Nc3 Na6 8. a4 Nc7 9. e4 Nd7 10. Bf4 b6 11. Qd2 a6 12. Bh6 Rb8 13. Bxg7 Kxg7 14. Rfe1 f6 15. h4 Ne5 16. Nxe5 dxe5 17. Qe3 Qd6 18. Nb1 b5 19. axb5 axb5 20. Nd2 Bd7 21. Nb3 Na6 22. Ra5 Rfc8 23. Rea1 Rb6 24. Nc1 e6 25. Ne2 exd5 26. exd5 Nb4 27. Qd2 Nc6 28. Ra8 Nd4 29. Nxd4 cxd4 30. Rxc8 Bxc8 31. c3 dxc3 32. Qxc3 Ra6 33. Rc1 Bd7 34. b4 Kf7 35. Qc5 Kg7 36. Bf1 Rb6 37. Qxd6 Rxd6 38. Rc5 f5 39. Bxb5 Bxb5 40. Rxb5 e4 41. f4 exf3 42. Kf2 Kf6 43. Kxf3 Ke5 44. Rc5 h6 45. Rc6 g5 1/2-1/2

[Event "40th Hoogovens it"]
[Site "Wijk aan Zee NED"]
[Date "1978.02.02"]
[Round "11"]
[White "Sosonko, Gennadi"]
[Black "Van der Sterren, Paul"]
[Result "1/2-1/2"]
[WhiteElo "2575"]
[BlackElo "2400"]
[EventDate "1978.01.20"]
[PlyCount "31"]

1. d4 Nf6 2. c4 e6 3. Nf3 b6 4. g3 Bb7 5. Bg2 Be7 6. O-O O-O 7. b3 d5 8. Ne5 c5 9. Bb2 Qc8 10. cxd5 Bxd5 11. Bxd5 Nxd5 12. dxc5 Bxc5 13. Nd2 Nd7 14. Rc1 Nxe5 15. Bxe5 Qa6 16. Ne4 1/2-1/2